<?xml version="1.0" encoding="UTF-8"?>
<collection xmlns="http://www.loc.gov/MARC21/slim">
 <record>
  <leader>01121pamaa2200241   4500</leader>
  <controlfield tag="001">0000041884</controlfield>
  <controlfield tag="005">20130314090000.0</controlfield>
  <controlfield tag="008">070430                             eng  </controlfield>
  <datafield tag="020" ind1="0" ind2="0">
   <subfield code="a">0071398791 (pbk.) </subfield>
  </datafield>
  <datafield tag="090" ind1="0" ind2="0">
   <subfield code="a">QC760 </subfield>
   <subfield code="b">EDM 2003</subfield>
  </datafield>
  <datafield tag="100" ind1="1" ind2="0">
   <subfield code="a">EDMINISTER </subfield>
  </datafield>
  <datafield tag="245" ind1="1" ind2="0">
   <subfield code="a">Schaum's easy outlines : </subfield>
   <subfield code="b">electromagnetics : </subfield>
   <subfield code="b">electromagnetics : </subfield>
   <subfield code="b">based on Schaum's outline of theory and problems of electromagnetics  </subfield>
   <subfield code="c">Joseph A. Edminister; </subfield>
   <subfield code="f">abridgement editor, William T..</subfield>
  </datafield>
  <datafield tag="260" ind1="0" ind2="0">
   <subfield code="a">New York: </subfield>
   <subfield code="b">McGraw-Hill, </subfield>
   <subfield code="c">2003.</subfield>
  </datafield>
  <datafield tag="300" ind1=" " ind2=" ">
   <subfield code="a">v, 138 p: </subfield>
   <subfield code="b">ill.; </subfield>
   <subfield code="c">22 cm.</subfield>
  </datafield>
  <datafield tag="500" ind1="0" ind2="0">
   <subfield code="a">Based on Schaum's outline of theory and problems of electromagnetics, second edition by Joseph A. Edminister</subfield>
  </datafield>
  <datafield tag="501" ind1="0" ind2="0">
   <subfield code="a">DCE / DIE / DME / DCEM / DEE/ DKE</subfield>
  </datafield>
  <datafield tag="501" ind1="0" ind2="0">
   <subfield code="a">DMEB</subfield>
  </datafield>
  <datafield tag="501" ind1="0" ind2="0">
   <subfield code="a">DEEB</subfield>
  </datafield>
  <datafield tag="501" ind1="0" ind2="0">
   <subfield code="a">DMSB</subfield>
  </datafield>
  <datafield tag="650" ind1="0" ind2="0">
   <subfield code="a">Vector analysis -- </subfield>
   <subfield code="x">Static electric fields -- </subfield>
   <subfield code="x">Static magnetic fields -- </subfield>
   <subfield code="x">Time-varying fields and Maxwell's equations -- </subfield>
   <subfield code="x">Electromagnetic waves -- </subfield>
   <subfield code="x">Transmission lines -- </subfield>
   <subfield code="x">Antennas </subfield>
  </datafield>
  <datafield tag="650" ind1="0" ind2="0">
   <subfield code="a">Electromagnetism -- </subfield>
   <subfield code="x">Outlines, syllabi, etc </subfield>
  </datafield>
  <datafield tag="700" ind1="1" ind2="1">
   <subfield code="a">Smith, </subfield>
   <subfield code="h">William T. </subfield>
  </datafield>
  <datafield tag="901" ind1=" " ind2=" ">
   <subfield code="u">http://www.books.mcgraw-hill.com</subfield>
  </datafield>
 </record>
</collection>
